000 00779nab a22002297a 4500
001 18817
003 HDC
007 cr bn ---aaaaa
008 210128c99999999my ||||o |||| 00| 00eng d
040 _aHDC
245 0 _aMihas 2017 Ends With Many Mous And Collaborations Signed Between Halal International Players And Organisers
336 _atext
_2rdacontent
337 _acomputer
_2rdamedia
338 _aonline resource
_2rdacarrier
650 _aFestival
_99231
650 _aHalal industry
_9144
710 _aTribune International
856 _zRequest full-text at [email protected]
942 _2lcc
942 _cNEWS
942 _kNWSO 007597
999 _c16133
_d16133